000 00359 a2200157 4500
001 176076
020 _a
040 _cMagnum
100 _aMarques, Adhemar
240 1 0 _aBrasil historia em construcao/v.3
_lpor
245 1 0 _aBrasil historia em construcao/v.3
362 0 _a1899
440 1 _aLĂȘ
697 _aMAGNITO: HISTORIA DO BRASIL
942 _cBK
999 _c176076
_d176076